Saddam's Iraq : face-off in the gulf

Bibliographic Details
Format: Book
Published: NJ : Pearson Education Inc. , 2003
Subjects:

MARC

LEADER 00000cam a2200000 7i4500
001 0000066610
005 20161005.0
008 161005
020 |a 9780131411535 
090 0 0 |a 956.7044   |b SAD 
245 1 0 |a Saddam's Iraq :   |b face-off in the gulf 
260 |a NJ :   |b Pearson Education Inc. ,   |c 2003 
300 |a 179p. 
650 0 |a History of modern world-Iraq 
999 |a 0001279519   |b Book   |c Adult Collection   |e Cawangan Muar